| 000 | 00995nam a2200253Ia 4500 | ||
|---|---|---|---|
| 008 | 240723s2022 sp 000 0 spa d | ||
| 041 | _aspa | ||
| 110 | 2 |
_aCCOO _bConfederación Sindical _927927 |
|
| 245 | 1 | 0 |
_aDía internacional de las Personas mayores 1 de octubre de 2022 _b: manifiesto de Comisiones Obreras |
| 260 |
_a[Madrid] : _bCCOO, Confederación Sindical : _bUGT, Comisión Ejecutiva Confederal _c2022 |
||
| 300 |
_a9 p. ; _c30 cm |
||
| 650 | 0 |
_aPERSONAS DE EDAD AVANZADA _9866 |
|
| 650 | 0 |
_aASISTENCIA MEDICA _9556 |
|
| 650 | 0 |
_aPOLITICA SOCIAL _9228 |
|
| 650 | 0 |
_aPRESTACIONES DE VEJEZ _9348 |
|
| 650 | 0 |
_aAJUSTE DE PRESTACIONES _91896 |
|
| 650 | 0 |
_aPOLITICA SOCIAL _9228 |
|
| 650 | 0 |
_aJUBILACION _91014 |
|
| 650 | 0 |
_aENVEJECIMIENTO DE LA POBLACION _91287 |
|
| 650 | 0 |
_aDIA INTERNACIONAL DE LAS PERSONAS DE EDAD _939767 |
|
| 650 | 0 |
_aACTITUD SINDICAL _961 |
|
| 856 |
_zPDF _uhttps://docpublicos.ccoo.es/cendoc/064777DiaInternacionalPersonasMayores.pdf |
||
| 942 |
_cDOCU_ELEC _2ddc |
||
| 999 |
_c60040 _d60040 |
||